[Event "BLR-ch (Women) 56th"]
[Site "Minsk"]
[Date "2012.01.16"]
[Round "7"]
[White "Sharevich, Anna"]
[Black "Morgaenko, Ekaterina"]
[Result "1-0"]
[WhiteElo "2267"]
[BlackElo "1866"]
[PlyCount "75"]
[EventDate "2012.01.10"]
[EventType "tourn"]
[EventRounds "9"]
[EventCountry "BLR"]
[SourceTitle "CBM 146 Extra"]
[Source "ChessBase"]
[SourceDate "2012.02.29"]
[SourceVersion "1"]
[SourceVersionDate "2012.02.29"]
[SourceQuality "1"]

1. d4 c5 2. d5 e5 3. c4 f5 4. Nc3 d6 5. g3 Nf6 6. Bg2 g6 7. Nh3 h6 8. f3 Bg7 9. Nf2 0-0 10. e4 Na6 11. Bd2 Nc7 12. Qc1 Kh7 13. 0-0 a6 14. a4 b6 15. Qc2 Bd7 16. b3 Kh8 17. Rae1 b5 18. f4 Ng8 19. Nd3 b4 20. Nd1 exf4 21. e5 dxe5 22. Nxe5 Bxe5 23. Rxe5 fxg3 24. hxg3 Qf6 25. Bc1 Kh7 26. Ree1 Rae8 27. Qf2 Qd6 28. Bf4 Qb6 29. Be3 Rxe3 30. Rxe3 Ne8 31. Rfe1 Nef6 32. Qb2 Qd8 33. Nf2 a5 34. d6 Qb6 35. Re7+ Nxe7 36. Rxe7+ Kg8 37. Bd5+ Kh8 38. Rxd7 1-0

[Event "BLR-ch (Women) 56th"]
[Site "Minsk"]
[Date "2012.01.11"]
[Round "2"]
[White "Morgaenko, Ekaterina"]
[Black "Revo, Tatiana"]
[Result "0-1"]
[WhiteElo "2066"]
[BlackElo "2066"]
[PlyCount "70"]
[EventDate "2012.01.10"]
[EventType "tourn"]
[EventRounds "9"]
[EventCountry "BLR"]
[SourceTitle "CBM 146 Extra"]
[Source "ChessBase"]
[SourceDate "2012.02.29"]
[SourceVersion "1"]
[SourceVersionDate "2012.02.29"]
[SourceQuality "1"]

1. d4 Nf6 2. c4 g6 3. Nc3 Bg7 4. e4 d6 5. Be2 0-0 6. Bg5 Na6 7. h4 e5 8. d5 c6 9. h5 cxd5 10. cxd5 Bd7 11. hxg6 fxg6 12. Qd2 Nc5 13. f3 Qa5 14. Rb1 Qd8 15. Nh3 Rb8 16. b4 Na4 17. Nb5 a6 18. Nc3 Nxc3 19. Qxc3 Rc8 20. Qd2 h6 21. Be3 Nh5 22. g4 Ng3 23. Rh2 Nxe4 24. fxe4 Qh4+ 25. Bf2 Rxf2 26. Rxf2 Qxh3 27. Bf1 Qxg4 28. Qe3 h5 29. Rg2 Qh4+ 30. Kd2 Kh7 31. Qg3 Bh6+ 32. Kd1 Ba4+ 33. Rb3 Rc1+ 34. Ke2 Qxe4+ 35. Kf2 Qe1+ 0-1

[Event "BLR-ch (Women)"]
[Site "Minsk"]
[Date "2011.01.20"]
[Round "5"]
[White "Eidelson, Rakhil"]
[Black "Morgaenko, Ekaterina"]
[Result "1-0"]
[WhiteElo "2245"]
[BlackElo "1880"]
[PlyCount "91"]
[EventDate "2011.01.16"]
[EventType "tourn"]
[EventRounds "9"]
[EventCountry "BLR"]
[SourceTitle "CBM 140 Extra"]
[Source "ChessBase"]
[SourceDate "2011.03.01"]
[SourceVersion "1"]
[SourceVersionDate "2011.03.01"]
[SourceQuality "1"]

1. Nf3 d5 2. g3 c5 3. Bg2 Nc6 4. d4 cxd4 5. Nxd4 e5 6. Nxc6 bxc6 7. 0-0 Bc5 8. c4 Ne7 9. Nc3 Be6 10. cxd5 cxd5 11. b4 Bd4 12. Bb2 0-0 13. e3 Bxc3 14. Bxc3 f6 15. a4 Rc8 16. Qd2 Qd7 17. b5 Rc4 18. Bb4 Rd8 19. Rfc1 d4 20. Rxc4 Bxc4 21. exd4 Nf5 22. Rc1 Bb3 23. d5 Bxa4 24. d6 Nd4 25. h3 Qxb5 26. Rc7 a5 27. Bc5 Bb3 28. Bxd4 Rxd6 29. Qe3 Rxd4 30. Rb7 Qc4 31. Qxb3 Qxb3 32. Rxb3 Rb4 33. Rxb4 axb4 34. Kf1 Kf7 35. Ke2 Ke6 36. Kd3 b3 37. Kc3 b2 38. Kxb2 g5 39. Kc3 f5 40. g4 h6 41. Kd3 Kf6 42. gxf5 Kxf5 43. Bf3 Kf4 44. Bh5 e4+ 45. Ke2 e3 46. fxe3+ 1-0

[Event "Satka Gubernators Cup Juniors"]
[Site "Satka"]
[Date "2010.08.22"]
[Round "9"]
[White "Bakharev, Mikhail"]
[Black "Morgaenko, Ekaterina"]
[Result "1-0"]
[WhiteElo "1981"]
[BlackElo "1853"]
[PlyCount "167"]
[EventDate "2010.08.16"]
[EventType "swiss"]
[EventRounds "9"]
[EventCountry "RUS"]
[SourceTitle "EXT 2022"]
[Source "ChessBase"]
[SourceDate "2021.10.06"]
[SourceVersion "1"]
[SourceVersionDate "2021.10.06"]
[SourceQuality "1"]

1. e4 c6 2. d4 d5 3. exd5 cxd5 4. c4 Nf6 5. Nc3 g6 6. Nf3 Bg7 7. Be2 0-0 8. 0-0 Nbd7 9. c5 a6 10. Bf4 Nb8 11. b4 Bd7 12. Qb3 e6 13. a4 Re8 14. b5 a5 15. b6 Qc8 16. Bb5 Nc6 17. Bxc6 Bxc6 18. Nb5 Bxb5 19. axb5 Nd7 20. Rfc1 Re7 21. Qc3 Re8 22. Rxa5 Nxb6 23. Rxa8 Nxa8 24. b6 Qc6 25. Be5 Bh6 26. Rb1 Rc8 27. Qb3 Bf8 28. g3 Be7 29. Qb5 f6 30. Qxc6 Rxc6 31. Bf4 e5 32. Be3 exd4 33. Nxd4 Rxc5 34. Nf5 gxf5 35. Bxc5 Bxc5 36. Rc1 Bxb6 37. Rc8+ Kf7 38. Rxa8 Bc5 39. Rb8 b6 40. Rb7+ Kg6 41. Kf1 h5 42. f4 Kh6 43. h4 Kg6 44. Ke2 Kh6 45. Rd7 d4 46. Rd5 Kg6 47. Kf3 d3 48. Rxd3 Bg1 49. Ke2 Bc5 50. Kd2 Kf7 51. Kc3 Ke6 52. Kc4 Bf2 53. Kb5 Ke7 54. Kc6 Ke6 55. Rd6+ Kf7 56. Rd7+ Kg6 57. Rd2 Be3 58. Rc2 Bd4 59. Kd7 Kf7 60. Kc7 Kf8 61. Kc6 Kf7 62. Kd7 Be3 63. Ra2 Bc5 64. Rc2 Be3 65. Rc7 Bf2 66. Kd6+ Kg6 67. Rc2 Be3 68. Ke6 Bc5 69. Rb2 Bd4 70. Rd2 Be3 71. Rd8 Kg7 72. Kxf5 Bf2 73. Rd2 Be1 74. Re2 Bc3 75. Re7+ Kf8 76. Rb7 Bd4 77. Kg6 Ke8 78. Kxh5 Kd8 79. Kg6 Kc8 80. Re7 b5 81. f5 Be5 82. h5 Bxg3 83. h6 Bd6 84. Rf7 1-0

[Event "Satka Gubernators Cup Juniors"]
[Site "Satka"]
[Date "2010.08.18"]
[Round "6"]
[White "Ermolaev, Evgeny"]
[Black "Morgaenko, Ekaterina"]
[Result "1/2-1/2"]
[WhiteElo "1967"]
[BlackElo "1853"]
[PlyCount "106"]
[EventDate "2010.08.16"]
[EventType "swiss"]
[EventRounds "9"]
[EventCountry "RUS"]
[SourceTitle "EXT 2022"]
[Source "ChessBase"]
[SourceDate "2021.10.06"]
[SourceVersion "1"]
[SourceVersionDate "2021.10.06"]
[SourceQuality "1"]

1. e4 c6 2. d4 d5 3. Nc3 dxe4 4. Nxe4 Nf6 5. Nxf6+ gxf6 6. Be2 Bf5 7. Be3 e6 8. Nf3 Nd7 9. Nh4 Bg6 10. Nxg6 hxg6 11. Qd3 Qc7 12. g3 0-0-0 13. 0-0-0 Nb6 14. c4 e5 15. Qc3 Bg7 16. Kb1 Rhe8 17. Qa5 Kb8 18. d5 Nc8 19. Qa3 f5 20. d6 Qd7 21. c5 f4 22. Bc1 Qf5+ 23. Bd3 e4 24. Bc2 f3 25. Rhe1 Re5 26. Bf4 Rxc5 27. d7+ Ka8 28. Bxe4 Qf6 29. dxc8Q+ Rxc8 30. Be3 Ra5 31. Qc3 Qxc3 32. bxc3 Bxc3 33. Bd2 Rb5+ 34. Kc2 Bd4 35. Bc3 Bxf2 36. Rf1 Bb6 37. Bxf3 f5 38. Rfe1 Rc5 39. Re5 Rxe5 40. Bxe5 Re8 41. Bf4 a6 42. Rd6 Rg8 43. h4 Bc7 44. Rd4 Bd8 45. Be5 Be7 46. Rd7 Bc5 47. Rg7 Rxg7 48. Bxg7 Bd6 49. g4 fxg4 50. Bxg4 Be7 51. h5 gxh5 52. Bxh5 Ka7 53. Kb3 b5 1/2-1/2

[Event "Satka Gubernators Cup Juniors"]
[Site "Satka"]
[Date "2010.08.18"]
[Round "4"]
[White "Kostitsina, Liubov"]
[Black "Morgaenko, Ekaterina"]
[Result "1-0"]
[WhiteElo "1930"]
[BlackElo "1853"]
[PlyCount "127"]
[EventDate "2010.08.16"]
[EventType "swiss"]
[EventRounds "9"]
[EventCountry "RUS"]
[SourceTitle "EXT 2022"]
[Source "ChessBase"]
[SourceDate "2021.10.06"]
[SourceVersion "1"]
[SourceVersionDate "2021.10.06"]
[SourceQuality "1"]

1. e4 c6 2. d4 d5 3. exd5 cxd5 4. c4 Nf6 5. Nc3 g6 6. cxd5 Bg7 7. Bc4 0-0 8. Nge2 b5 9. Bxb5 Nxd5 10. 0-0 Bb7 11. f3 Nc6 12. Bxc6 Bxc6 13. Nxd5 Qxd5 14. Be3 Rab8 15. Qd2 Qb5 16. Rac1 Rbc8 17. Rc5 Qb7 18. Rfc1 Bd5 19. b4 Rfd8 20. a3 e6 21. Qc2 Rxc5 22. dxc5 Bc6 23. Rd1 Rxd1+ 24. Qxd1 Qd7 25. Qxd7 Bxd7 26. Nd4 Bxd4 27. Bxd4 a6 28. Kf2 Kf8 29. Bf6 Ke8 30. Ke3 Bb5 31. Kf4 Bc6 32. Ke5 Kd7 33. Bg5 h5 34. Kf6 Ke8 35. Kg7 Bd5 36. Bf6 Bc6 37. h4 Bd5 38. Be5 Bc6 39. Kf6 Bd5 40. Kg5 Ke7 41. Bf6+ Kd7 42. Kf4 Bc6 43. Kg5 Bd5 44. Be5 Ke7 45. a4 Bc6 46. g4 hxg4 47. fxg4 Bxa4 48. h5 gxh5 49. gxh5 Bc2 50. Bd6+ Ke8 51. Kf6 Be4 52. h6 Bg6 53. Kg7 Be4 54. h7 Bxh7 55. Kxh7 Kd7 56. Kg7 f5 57. Kf6 f4 58. Bxf4 e5 59. Kxe5 Kc6 60. Kd4 Kd7 61. Kd5 Kc8 62. Kc6 Kd8 63. Kb7 a5 64. bxa5 1-0

[Event "Logrono op U20"]
[Site "Logrono"]
[Date "2007.08.16"]
[Round "2"]
[White "Morgaenko, Ekaterina"]
[Black "Khamrakulov, Djurabek"]
[Result "0-1"]
[WhiteElo "1917"]
[BlackElo "2322"]
[PlyCount "90"]
[EventDate "2007.08.14"]
[EventType "swiss"]
[EventRounds "8"]
[EventCountry "ESP"]
[SourceTitle "CBM 120 Extra"]
[Source "ChessBase"]
[SourceDate "2007.11.01"]
[SourceVersion "1"]
[SourceVersionDate "2007.11.01"]
[SourceQuality "1"]

1. e4 c6 2. d4 d5 3. Nc3 dxe4 4. Nxe4 Bf5 5. Ng3 Bg6 6. Nf3 Nd7 7. h4 h6 8. h5 Bh7 9. Bd3 Bxd3 10. Qxd3 e6 11. Bf4 Qa5+ 12. Bd2 Qc7 13. 0-0-0 0-0-0 14. c4 Ngf6 15. Kb1 c5 16. Bc3 cxd4 17. Bxd4 Bc5 18. Bxc5 Qxc5 19. Qe2 Rhe8 20. Nd2 Qe5 21. Qf3 Nc5 22. Rhe1 Qg5 23. Qc3 Rd3 24. Qc2 Qf4 25. Nf3 Rxd1+ 26. Rxd1 e5 27. Nf5 Nfe4 28. Ne3 Ng5 29. Qf5+ Kb8 30. Nxg5 hxg5 31. Qc2 Rc8 32. g3 Qf3 33. g4 e4 34. Rd5 Nd3 35. b3 Nb4 36. Rf5 Nxc2 37. Rxf3 Na3+ 38. Kb2 Nxc4+ 39. Nxc4 exf3 40. Ne5 Re8 41. Nxf3 Re2+ 42. Kb1 f6 43. Nd4 Rxf2 44. Nf5 Rxf5 45. gxf5 g4 0-1

[Event "Lubuska Wiosna op 3rd"]
[Site "Gorzow Wielkopolski"]
[Date "2007.04.08"]
[Round "5"]
[White "Rosiak, Agata"]
[Black "Morgaenko, Ekaterina"]
[Result "0-1"]
[WhiteElo "1761"]
[BlackElo "1928"]
[PlyCount "56"]
[EventDate "2007.04.06"]
[EventType "swiss"]
[EventRounds "9"]
[EventCountry "POL"]
[SourceTitle "EXT 2011"]
[Source "ChessBase"]
[SourceDate "2010.11.26"]
[SourceVersion "1"]
[SourceVersionDate "2010.11.26"]
[SourceQuality "1"]

1. d4 Nf6 2. Nf3 d5 3. Bg5 e6 4. e3 Be7 5. Bd3 0-0 6. 0-0 h6 7. Bxf6 Bxf6 8. c3 b6 9. e4 Bb7 10. e5 Be7 11. Bc2 Ba6 12. Re1 Nd7 13. h3 c5 14. Nh2 Qc7 15. Re3 Rac8 16. Ng4 Bg5 17. Rg3 Kh8 18. h4 Bxh4 19. Nxh6 g6 20. Rh3 Kg7 21. Rxh4 Rh8 22. Qd2 cxd4 23. Qf4 Nxe5 24. cxd4 Nd3 25. Bxd3 Qxf4 26. Rxf4 Rc1+ 27. Kh2 Rxh6+ 28. Kg3 Bxd3 0-1

[Event "Lubuska Wiosna op 3rd"]
[Site "Gorzow Wielkopolski"]
[Date "2007.04.06"]
[Round "2"]
[White "Matla, Mateusz"]
[Black "Morgaenko, Ekaterina"]
[Result "1-0"]
[WhiteElo "2039"]
[BlackElo "1928"]
[PlyCount "63"]
[EventDate "2007.04.06"]
[EventType "swiss"]
[EventRounds "9"]
[EventCountry "POL"]
[SourceTitle "EXT 2011"]
[Source "ChessBase"]
[SourceDate "2010.11.26"]
[SourceVersion "1"]
[SourceVersionDate "2010.11.26"]
[SourceQuality "1"]

1. e4 c6 2. d4 d5 3. f3 e6 4. Nc3 Bb4 5. Bd3 Ne7 6. Nge2 0-0 7. Be3 Ng6 8. e5 Nd7 9. f4 f5 10. Qd2 Qc7 11. a3 Be7 12. 0-0 c5 13. Nb5 Qb6 14. dxc5 Bxc5 15. Bxc5 Nxc5 16. Kh1 Nxd3 17. Qxd3 Bd7 18. Nd6 Rfd8 19. Nd4 a6 20. c4 Ne7 21. cxd5 Nxd5 22. N4xf5 Bb5 23. Nxb5 axb5 24. Nd6 b4 25. f5 Ne3 26. fxe6 Nxf1 27. e7 Rd7 28. Qd5+ Kh8 29. Nf7+ Kg8 30. Nh6+ Kh8 31. Qg8+ Rxg8 32. Nf7# 1-0

[Event "San Agustin op 12th"]
[Site "Aviles"]
[Date "2007.??.??"]
[Round "6"]
[White "Morgaenko, Ekaterina"]
[Black "Iza Abete, Amaia"]
[Result "0-1"]
[WhiteElo "1917"]
[BlackElo "2047"]
[PlyCount "74"]
[EventDate "2007.08.04"]
[EventType "swiss"]
[EventRounds "9"]
[EventCountry "ESP"]
[SourceTitle "CBM 119 Extra"]
[Source "ChessBase"]
[SourceDate "2007.09.04"]
[SourceVersion "1"]
[SourceVersionDate "2007.09.04"]
[SourceQuality "1"]

1. d4 Nf6 2. c4 e6 3. Nc3 d5 4. cxd5 exd5 5. Bg5 Be7 6. Nf3 0-0 7. e3 Nbd7 8. Qc2 Re8 9. Bd3 Nf8 10. Ne5 c6 11. 0-0 Ng4 12. Bxe7 Qxe7 13. Nxg4 Bxg4 14. Rae1 Qd6 15. f3 Bh5 16. Qf2 Rad8 17. Rd1 Kh8 18. Rfe1 f6 19. Bc2 Qb4 20. Bb1 Ne6 21. Qh4 g6 22. g4 Qxb2 23. Rc1 Ng5 24. Qg3 Rxe3 25. Rc2 Rxe1+ 26. Kf2 Rxb1 27. Rxb2 Rxb2+ 28. Kf1 Re8 29. Qf4 Kg7 30. gxh5 Rf2+ 31. Kxf2 Nh3+ 32. Kg3 Nxf4 33. Kxf4 gxh5 34. h4 Re1 35. a4 Kg6 36. Kg3 Re3 37. Nb1 Rd3 0-1